000 01310nam a22001937a 4500
999 _c61226
_d61226
005 20240109140124.0
008 240109s1976 ru ||||| |||| 00| 0 rus d
041 _arus
080 _a902.6 A-87
245 _aАрхеологические исследования на новостройках Грузинской ССР : Сборник статей /
_cАкадемия Наук Грузинской ССР. Институт истории, археологии и этнографии им. И.А. Джавахишвили ; Редакторы: О.Д. Лордкипанидзе, Т.К. Микеладзе
264 _aТбилиси :
_bМецниереба,
_c1976.
300 _a104 с.:
_b ил. ;
_c 25 см.
653 _aქალაქების არქეოლოგია
653 _aარქეოლოგიური კვლევა-ძიება საქართველოში.
700 _aМикеладзе, Т.К.
_eრედაქტორი
_920977
700 _aЛорткипанидзе, О.Д.
_eრედაქტორი
_920978
710 _aАкадемия Наук Грузинской ССР
_dИнститут истории, археологии и этнографии им. И.А Джавахишвили.
_920853
942 _2udc
_cᲬᲘᲒᲜᲘ